000 00393nam a2200157Ia 4500
008 220216s9999 xx 000 0 und d
100 _aJacob C.K.
245 0 _aNew experiments in crop protection. 3.
260 _brubber
_c2003
650 _aBrown bast
650 _aEnvironment friendly crop protection
650 _aInsect pests
650 _aNematodes
650 _aTPD
942 _cML
999 _c72974
_d72974